Napoleon: a great soldier, politician, lover and first modern European: (Record no. 177041)

MARC details
000 -LEADER
fixed length control field 00924nam a22002297a 4500
005 - DATE AND TIME OF LATEST TRANSACTION
control field 20210205124728.0
010 ## - LCCN (DPL NO)
LC control number B-736840
020 ## - INTERNATIONAL STANDARD BOOK NUMBER
International Standard Book Number 9788172242794
Terms of availability 295.00
035 ## - SYSTEM CONTROL NUMBER
System control number B-736840
037 ## - SOURCE OF ACQUISITION
Source of stock number/acquisition Gift/Eng/03-02-2021
082 ## - DEWEY DECIMAL CLASSIFICATION NUMBER
Classification number 944.05092
100 ## - MAIN ENTRY--PERSONAL NAME
Personal name Ludwig, Emil
245 ## - TITLE STATEMENT
Title Napoleon: a great soldier, politician, lover and first modern European:
Remainder of title the definitive biography /
Statement of responsibility, etc by Emil Ludwig ; translated by Eden & Cedar paul
260 ## - PUBLICATION, DISTRIBUTION, ETC. (IMPRINT)
Name of publisher, distributor, etc Jaico Publishing House
Date of publication, distribution, etc 2010
Place of publication, distribution, etc Mumbai
270 ## - ADDRESS
Address A-2, Jash Chambers, 7-A Sir Phirozshah Mehta Road, Fort
City Mumbai
Postal code 400001
300 ## - PHYSICAL DESCRIPTION
Extent 636p.
Dimensions 22cm(pbk)
650 ## - SUBJECT ADDED ENTRY--TOPICAL TERM
Topical term or geographic name as entry element History
Geographic subdivision Second world war
700 ## - ADDED ENTRY--PERSONAL NAME
Personal name Paul, Eden
700 ## - ADDED ENTRY--PERSONAL NAME
Personal name Paul, Cedar
942 ## - ADDED ENTRY ELEMENTS (KOHA)
Source of classification or shelving scheme Dewey Decimal Classification
Item type English Books
Classification part 944.05092
Call number suffix LUD
Holdings
Withdrawn status Lost status Not for loan Collection code Home library Current library Date acquired Source of acquisition Cost, normal purchase price Full call number Barcode Copy number Cost, replacement price Koha item type
      Non-fiction Central Library Central Library 05/02/2021 Gift/Eng/03-02-2021 295.00 944.05092 LUD B-736840 1 295.00 English Books

© Delhi Public Library
Hit Counter
free hit counter